Nicobar islands (Record no. 52255)

MARC details
000 -LEADER
fixed length control field 00488nam a2200133 a 4500
008 - FIXED-LENGTH DATA ELEMENTS--GENERAL INFORMATION
fixed length control field 120416s1967 ||||||||||||||||| || u
050 ## - LIBRARY OF CONGRESS CALL NUMBER
Classification number DS 491.A6 Mat
100 ## - MAIN ENTRY--PERSONAL NAME
Personal name Mathur, K. Kumar
245 10 - TITLE STATEMENT
Title Nicobar islands
260 ## - PUBLICATION, DISTRIBUTION, ETC.
Place of publication, distribution, etc. New Delhi
Name of publisher, distributor, etc. National Book Trust
Date of publication, distribution, etc. 1967
300 ## - PHYSICAL DESCRIPTION
Extent ix, 239p. : ill.
350 ## - PRICE (NR) (BK AM CF MU VM SE) [OBSOLETE]
Price 0.00
995 ## - RECOMMENDATION 995 [LOCAL, UNIMARC FRANCE]
-- 0.00
-- CBU-MAIN LIBRARY (Kitwe)
-- 1
-- 0.00
-- 1
-- AVAILABLE
-- Jul 21, 2006
-- Main Library Open Access Collection
Holdings
Withdrawn status Lost status Source of classification or shelving scheme Damaged status Not for loan Home library Current library Shelving location Date acquired Total Checkouts Full call number Barcode Date last seen Price effective from Koha item type
          CBU-MAIN LIBRARY, KITWE. CBU-MAIN LIBRARY, KITWE.   11/30/2022   DS 491.A6 Mat 000867 11/30/2022 11/30/2022 MONOGRAPH